000 00231 a2200109 4500
245 _aBLAKE COMPLETE WRITINGS
_hText
020 _a0192810502
100 _aGEOFFREY KEYNES
650 _aliterature
005 20191021095129.0
260 _c1996
084 _aNONE
999 _c11855
_d11855